LEADER 00490nab a2200145 i 4500 001 000000312897 003 CaOOAMICUS 005 20180831173101.0 008 180831n xx uu u0 0und r 013 $a21989 040 $aSeMil$bita 100 1 $aCaviglioni, Giovanni.$0(OLS)http://semarc/name/88449 245 14$aUna questione morale. In tema di contrabbando. 773 0 $t[Gennaio-Giugno].$g161-179$w()274184 996 $6245$aUna questione morale. In tema di contrabbando$9(OLS)http://semarc/title/387241 LEADER 01315nam a2200289 i 4500 001 000000026281 003 CaOOAMICUS 005 20180830125447.0 008 180830s1998 it u000 u ita u 020 $a88-215-3456-1 040 $aSeMil$bita 245 13$aIl grande libro dei santi :$bdizionario enciclopedico /$cdiretto da Claudio Leonardi, Andrea Riccardi, Gabriella Zarri ; a cura di Elio Guerriero, Dorino Tuniz. 260 $aCinisello Balsamo :$bSan Paolo,$c1998. 300 $a3 v. ;$c23 cm. 500 $aIn cofanetto. 650 4$aSanti - Enciclopedie e dizionari.$0(OLS)http://semarc/subject/813 700 1 $aLeonardi, Claudio,$d<1926-2010>.$0(OLS)http://semarc/name/70 700 1 $aRiccardi, Andrea,$d<1950- >.$0(OLS)http://semarc/name/11768 700 1 $aTuniz, Dorino.$0(OLS)http://semarc/name/3520 700 1 $aGuerriero, Elio,$d<1948- >.$0(OLS)http://semarc/name/487 700 1 $aZarri, Gabriella,$d<1942- >.$0(OLS)http://semarc/name/11769 774 0 $tA-F.$g1$w()210893 774 0 $tG-M.$g2$w()210895 774 0 $tN-Z.$g3$w()210896 996 $6020$a88-215-3456-1$9(OLS)http://semarc/number/1317 996 $6245$aIl grande libro dei santi :$bdizionario enciclopedico$9(OLS)http://semarc/title/35450 996 $6260$aCinisello Balsamo :$bSan Paolo$9(OLS)http://semarc/publisher/30129